Normal view
MARC view
- Soule M
Entry Personal Name
001 - CONTROL NUMBER
- control field: 207930
003 - CONTROL NUMBER IDENTIFIER
- control field: OSt
005 - DATE AND TIME OF LATEST TRANSACTION
- control field: 20240718155113.0
008 - FIXED-LENGTH DATA ELEMENTS
- fixed length control field: 240718|| aca||aabn | a|a d
040 ## - CATALOGING SOURCE
- Original cataloging agency: OSt
- Transcribing agency: OSt
100 ## - HEADING--PERSONAL NAME
- Personal name: Soule M
670 ## - SOURCE DATA FOUND
- Source citation: Work cat.: (OSt)359127: Soule M, Collected Papers Of Michael E Soule, 2014